[Event "BCF-chT3 1415 (4NCL)"]
[Site "England"]
[Date "2015.05.03"]
[Round "10.60"]
[White "Henderson, David"]
[Black "Mansson, James C"]
[Result "1/2-1/2"]
[WhiteElo "2073"]
[BlackElo "2078"]
[PlyCount "49"]
[EventDate "2015.03.21"]
[EventType "team-swiss"]
[EventRounds "11"]
[EventCountry "ENG"]
[SourceTitle "EXT 2016"]
[Source "ChessBase"]
[SourceDate "2015.10.08"]
[SourceVersion "1"]
[SourceVersionDate "2015.10.08"]
[SourceQuality "1"]
[WhiteTeam "North East England"]
[BlackTeam "e2e4.org.uk II"]
[WhiteTeamCountry "ENG"]
[BlackTeamCountry "ENG"]

1. e4 e5 2. Nf3 Nc6 3. Bb5 a6 4. Ba4 Nf6 5. 0-0 Be7 6. Re1 b5 7. Bb3 0-0 8. c3 d5 9. d4 exd4 10. exd5 Nxd5 11. Nxd4 Nxd4 12. cxd4 Bb7 13. Nc3 Nxc3 14. bxc3 Bd6 15. Qg4 Qc8 16. Qxc8 Raxc8 17. a4 b4 18. Bd2 bxc3 19. Bxc3 c5 20. dxc5 Bxc5 21. Rac1 Ba3 22. Rc2 Rfd8 23. Ba5 Rxc2 24. Bxd8 Rc1 25. Rxc1 1/2-1/2

[Event "BCF-chT3S 1415 (4NCL)"]
[Site "England"]
[Date "2015.01.10"]
[Round "3.68"]
[White "Hatchett, Paul"]
[Black "Mansson, James C"]
[Result "1-0"]
[WhiteElo "1977"]
[BlackElo "2078"]
[PlyCount "85"]
[EventDate "2014.11.15"]
[EventType "team-swiss"]
[EventRounds "6"]
[EventCountry "ENG"]
[SourceTitle "EXT 2016"]
[Source "ChessBase"]
[SourceDate "2015.10.08"]
[SourceVersion "1"]
[SourceVersionDate "2015.10.08"]
[SourceQuality "1"]
[WhiteTeam "Rhyfelwyr Essyllwg II"]
[BlackTeam "e2e4.org.uk II"]
[WhiteTeamCountry "ENG"]
[BlackTeamCountry "ENG"]

1. e4 c5 2. Nf3 d6 3. c3 Nf6 4. Be2 Nbd7 5. d3 b6 6. 0-0 Bb7 7. a4 a6 8. b4 c4 9. Nbd2 cxd3 10. Bxd3 g6 11. Qe2 Bg7 12. Bb2 0-0 13. a5 Nh5 14. Qe3 b5 15. Nd4 Ne5 16. Be2 Nf6 17. f4 Nc4 18. Bxc4 bxc4 19. Nxc4 Nxe4 20. Nb6 Rb8 21. c4 e5 22. fxe5 dxe5 23. Nf3 Qe7 24. Ba3 Rfd8 25. b5 Qe8 26. bxa6 Bc6 27. a7 Rb7 28. a8Q Rxa8 29. Nxa8 Qxa8 30. Bc5 Nxc5 31. Qxc5 Rb2 32. a6 Bf8 33. Qxe5 Qa7+ 34. Kh1 Bg7 35. Qd6 Ba8 36. Rab1 Bf8 37. Qd8 Rxb1 38. Rxb1 Bxf3 39. Rb8 Bxg2+ 40. Kxg2 Qc5 41. Qxf8+ Qxf8 42. Rxf8+ Kxf8 43. a7 1-0

[Event "BCF-chT3 1314 (4NCL)"]
[Site "England"]
[Date "2014.03.22"]
[Round "7.98"]
[White "Fegan, Chris"]
[Black "Mansson, James C"]
[Result "1-0"]
[WhiteElo "2055"]
[BlackElo "2102"]
[PlyCount "135"]
[EventDate "2013.11.16"]
[EventType "team-swiss"]
[EventRounds "11"]
[EventCountry "ENG"]
[SourceTitle "EXT 2015"]
[Source "ChessBase"]
[SourceDate "2014.11.20"]
[SourceVersion "1"]
[SourceVersionDate "2014.11.20"]
[SourceQuality "1"]
[WhiteTeam "BCM Rhinos II"]
[BlackTeam "e2e4.org.uk II"]
[WhiteTeamCountry "ENG"]
[BlackTeamCountry "ENG"]

1. d4 Nf6 2. e3 g6 3. Bd3 Bg7 4. f4 0-0 5. Nf3 c5 6. c3 b6 7. 0-0 Bb7 8. Nbd2 d6 9. a3 Nbd7 10. e4 cxd4 11. cxd4 e5 12. fxe5 dxe5 13. d5 Nc5 14. Bc2 Ba6 15. Re1 Nh5 16. Nb3 Nxb3 17. Bxb3 Qd7 18. Ba4 Bb5 19. Bxb5 Qxb5 20. Qe2 Qd7 21. Bd2 Rfe8 22. g3 Qg4 23. Ng5 Qxe2 24. Rxe2 h6 25. Nf3 Rad8 26. Rc1 f5 27. Rc7 fxe4 28. Rxe4 Nf6 29. Re2 Nxd5 30. Rxa7 e4 31. Nh4 e3 32. Bc1 Rc8 33. Re1 e2 34. Nf3 g5 35. h3 Bf8 36. b4 Bg7 37. Bd2 Bc3 38. Rd7 Bxd2 39. Nxd2 Nc3 40. Nb3 Nd1 41. Nd4 Rc3 42. Nxe2 Rxg3+ 43. Nxg3 Rxe1+ 44. Kg2 Nb2 45. Rd6 Nc4 46. Rxh6 Ra1 47. Rg6+ Kh7 48. Rxg5 Nxa3 49. Rh5+ Kg6 50. Re5 b5 51. h4 Rb1 52. h5+ Kh7 53. Re7+ Kh6 54. Re6+ Kh7 55. Nf5 Rxb4 56. h6 Rf4 57. Re7+ Kh8 58. Nd6 Rf6 59. Nf7+ Kh7 60. Ne5+ Kh8 61. Ng4 Rg6 62. Kg3 Nc4 63. Kh4 Nd6 64. Kh5 Nf5 65. Re5 Rxg4 66. Kxg4 Nxh6+ 67. Kh5 Ng8 68. Kg6 1-0

[Event "BCF-chT3S 1314 (4NCL)"]
[Site "England"]
[Date "2014.02.16"]
[Round "6.107"]
[White "Mansson, James C"]
[Black "Pedersen, Carsten"]
[Result "0-1"]
[WhiteElo "2110"]
[BlackElo "2141"]
[PlyCount "66"]
[EventDate "2013.11.16"]
[EventType "team-swiss"]
[EventRounds "6"]
[EventCountry "ENG"]
[SourceTitle "EXT 2015"]
[Source "ChessBase"]
[SourceDate "2014.11.20"]
[SourceVersion "1"]
[SourceVersionDate "2014.11.20"]
[SourceQuality "1"]
[WhiteTeam "e2e4.org.uk II"]
[BlackTeam "Celtic Tigers"]
[WhiteTeamCountry "ENG"]
[BlackTeamCountry "ENG"]

1. c4 Nc6 2. Nc3 e5 3. g3 g6 4. Bg2 Bg7 5. Rb1 d6 6. b4 a6 7. d3 Rb8 8. e3 Be6 9. Nge2 Qd7 10. Nd5 Nce7 11. Nec3 c6 12. Nb6 Qd8 13. c5 d5 14. d4 e4 15. a4 Nf6 16. b5 axb5 17. axb5 0-0 18. 0-0 h5 19. f3 exf3 20. Bxf3 Bh3 21. Rf2 Nf5 22. Ra2 Re8 23. Rba1 Qe7 24. Re2 Ng4 25. Qd3 h4 26. Ncxd5 cxd5 27. Nxd5 Qd8 28. Ra7 hxg3 29. hxg3 Nxg3 30. Nf4 Nxe2+ 31. Bxe2 Qh4 32. Bxg4 Qg3+ 33. Kh1 Bxg4 0-1